000 00780cam a22002531 4500
999 _c93782
_d93782
001 2172322
003 ARRUPE
005 20170719112304.0
008 711012s1968 nyu b 000 0 eng
010 _a 67030111
040 _aDLC
_cDLC
_dDLC
041 1 _aengpol
050 0 0 _aB804
_b.K634
082 0 0 _a199/.438
100 1 _aKoĊ‚akowski, Leszek.
_916841
245 1 0 _aToward a Marxist humanism;
_bessays on the Left today.
_cTranslated from the Polish by Jane Zielonko Peel.
260 _aNew York,
_bGrove Press
_c[1968]
300 _a220 p.
_c21 cm.
504 _aBibliographical footnotes.
650 0 _aPhilosophy.
_933392
650 0 _aCommunism.
_933393
650 0 _aHumanism.
_933394
906 _a7
_bcbc
_corignew
_du
_eocip
_f19
_gy-gencatlg
942 _2lcc
_cMONOGRAPH